| 000 | 00548nam a2200193Ia 4500 | ||
|---|---|---|---|
| 999 |
_c10052 _d10052 |
||
| 020 | _a0415946387 | ||
| 082 | _a303.482 INA-I | ||
| 100 | _aInayatullah, Naeem | ||
| 245 | 0 | _aInternational relations and the problem of difference | |
| 260 |
_aNew York _bRoutledge _c2004 |
||
| 300 | _axii, 276 | ||
| 504 | _aincludes bibliography and index | ||
| 650 | _aIntercultural communication | ||
| 650 | _aEthnicity | ||
| 650 | _aInternational relations | ||
| 650 | _aInternational economic relations | ||
| 700 | _aBlaney, David L. | ||
| 942 |
_cBK _2ddc |
||